| 000 | 00510nam a2200205 a 4500 | ||
|---|---|---|---|
| 001 | BRCA_7044 | ||
| 005 | 20190320205705.0 | ||
| 008 | 301111s1923----enk#######---#000-0#eng-# | ||
| 041 | _aeng | ||
| 044 | _aenk | ||
| 050 | 4 |
_aPZ3 _b.C356 _c1923 |
|
| 100 | 1 |
_aCaine, Thomas Henry Hall _d1853-1931 _917035 |
|
| 245 | 1 | 0 |
_aThe eternal city _cby Hall Caine |
| 260 |
_aLondres _bcassell _c1923 |
||
| 300 |
_a497p. _c18 cm. |
||
| 500 | _aP4 | ||
| 650 | 1 | 4 |
_aLiteratura inglesa _917504 |
| 902 | _aGFM | ||
| 942 |
_2lcc _cB |
||
| 999 |
_c6725 _d6725 |
||